|
|
|
|
| LEADER |
00000cam a22000002c 4500 |
| 001 |
441777899 |
| 003 |
DE-627 |
| 005 |
20260113112801.0 |
| 007 |
tu |
| 008 |
990101s1980 xx ||||| 00| ||und c |
| 035 |
|
|
|a (DE-627)441777899
|
| 035 |
|
|
|a (DE-576)9441777897
|
| 035 |
|
|
|a (DE-599)GBV441777899
|
| 035 |
|
|
|a (OCoLC)251656120
|
| 040 |
|
|
|a DE-627
|b ger
|c DE-627
|e rakwb
|
| 245 |
0 |
0 |
|a Alcohol and alcoholism
|b Audiovisual guide. U.S. Dep. of Health and Human Services, Public Health Service, Alcohol, Drug Abuse, and Mental Health Administration, Nat. Inst. on Alcohol Abuse and Alcoholism
|
| 250 |
|
|
|a Rev
|
| 264 |
|
1 |
|a [Washington, D.C.:] U.S. Gov. Print. Off.
|c 1980
|
| 300 |
|
|
|a IX, 86 S. 4"
|
| 336 |
|
|
|a Text
|b txt
|2 rdacontent
|
| 337 |
|
|
|a ohne Hilfsmittel zu benutzen
|b n
|2 rdamedia
|
| 338 |
|
|
|a Band
|b nc
|2 rdacarrier
|
| 490 |
0 |
|
|a (In focus)
|
| 583 |
1 |
|
|a Archivierung prüfen
|c 20250927
|f DE-640
|z 1
|2 pdager
|
| 935 |
|
|
|a mkri
|
| 951 |
|
|
|a BO
|
| ELC |
|
|
|b 1
|
| LOK |
|
|
|0 000 xxxxxcx a22 zn 4500
|
| LOK |
|
|
|0 001 4745101732
|
| LOK |
|
|
|0 003 DE-627
|
| LOK |
|
|
|0 004 441777899
|
| LOK |
|
|
|0 005 20250711103121
|
| LOK |
|
|
|0 008 250711||||||||||||||||ger|||||||
|
| LOK |
|
|
|0 040
|a DE-Frei85
|c DE-627
|d DE-Frei85
|
| LOK |
|
|
|0 852
|a DE-Frei85
|
| LOK |
|
|
|0 852 1
|m p
|9 00
|
| LOK |
|
|
|0 935
|a reko
|
| LOK |
|
|
|0 938
|k p
|
| LOK |
|
|
|0 939
|a 11-07-25
|b l01
|
| ORI |
|
|
|a SA-MARC-krimdoka001.raw
|